000 00539nam a2200169 i 4500
001 30991
003 ES-MaACL
005 20230906154305.0
007 t|
008 030128s1970 sp ||||1| spa d
100 1 _aBattaglia, Liliana Inglese.
_926468
245 1 0 _aCómo ser una buena secretaria /
_cLiliana Inglese Battaglia ; traductor: Luis Seguí.
260 _aMadrid :
_bI.E.E. Antonio González,
_c1970.
300 _a243 p., 8 lám. :
_bil. ;
_c21 cm.
700 1 _aSeguí, Luis.
_9105175
852 _aES-MaACL
_jC-46187
_bR.73852
999 _c30991
_d30991